000 00299nam a22001457a 4500
008 210308b ||||| |||| 00| 0 eng d
020 _a575
041 _aeng
080 _2VOLUME 14
_a575
082 _2575
100 _a5
101 _aBIO
245 _aHOMOLOGY
_cS. MAC LANE
942 _2udc
_cBK
999 _c55938
_d55938